| 000 | 00549nam a2200169 i 4500 | ||
|---|---|---|---|
| 001 | 150885 | ||
| 003 | ES-MaACL | ||
| 005 | 20230906203739.0 | ||
| 007 | t| | ||
| 008 | 071116s1877 sp ||||1| spa d | ||
| 100 | 1 |
_aCerón, Salvador. _937546 |
|
| 245 | 1 | 0 |
_aCultivo de las estepas y las dunas de la provincia de Cádiz / _cpor Salvador Cerón. |
| 260 |
_aMadrid : _b[s.n.], _c1877 ( _fImp. Miguel Ginesta) |
||
| 300 |
_a28 p. ; _c23 cm. |
||
| 650 | 4 |
_aCultivo de dunas. _9151870 |
|
| 852 |
_aES-MaACL _jG-9533(5) _q. - Encuadernado con otras obras |
||
| 999 |
_c150885 _d150885 |
||